Concise Statistical Yearbook of Greece 2007

Guardado en:
Detalles Bibliográficos
Formato: Libro
Lenguaje:inglés
griego
Publicado: Athens National Statistical Service of Greece 2008
Materias:
Etiquetas: Agregar Etiqueta
Sin Etiquetas, Sea el primero en etiquetar este registro!

MARC

LEADER 00000nam$a2200000$$$4500
001 0089630
005 20251103115538.5
022 |a 0069-8245 
041 0 |a eng 
041 0 |a gre 
044 |a GR 
245 1 0 |a Concise Statistical Yearbook of Greece 2007 
264 1 |a Athens  |b National Statistical Service of Greece  |c 2008 
300 |a 311 s. 
610 2 0 |a Grécko